000 00388nam a22001217a 4500
040 _cSY
082 _a631
100 _aអ៊ឺម ឈួន
245 _aលំនាំនៃការវិភាគដីជាធម្មតាក្នុងធរណីសាស្រ្ត
260 _aនាយកនៅអ៊ឺនរ៉ា
_bអ៊ឺម
_c1989
300 _a204p.
942 _cKB
999 _c9361
_d9361